000 00434nam a2200181Ia 4500
001 15768
005 20260306170220.0
008 260306t2014||||xx |||||||||||||| ||und||
041 _aESP
082 _a620.00151
_bZ945
100 _aZill, Dennis G.
_eAUT
245 0 _aAdvanced engineering mathematics
260 _c2014
300 _axx, 914 páginas :
_c28 cm.
650 _aGEN
654 _aCII
942 _cLIB
_dJUS
_fJUS
_2ddc
_n
999 _c15768
_d15768